5HLuxD.jpg

KING HENRY VIII SENIOR AND PRIMARY SCHOOL LIBRARY OPAC

Avoiding hunger and finding water / (Record no. 497)

000 -LEADER
fixed length control field 01160cam a2200325 a 4500
001 - CONTROL NUMBER
control field 16607578
003 - CONTROL NUMBER IDENTIFIER
control field OSt
005 - DATE AND TIME OF LATEST TRANSACTION
control field 20190816150016.0
008 - FIXED-LENGTH DATA ELEMENTS--GENERAL INFORMATION
fixed length control field 110111s2011 iluab b 001 0 eng
010 ## - LIBRARY OF CONGRESS CONTROL NUMBER
LC control number 2010052706
020 ## - INTERNATIONAL STANDARD BOOK NUMBER
International Standard Book Number 9781406228588
040 ## - CATALOGING SOURCE
Original cataloging agency DLC
Transcribing agency DLC
Modifying agency DLC
082 00 - DEWEY DECIMAL CLASSIFICATION NUMBER
Classification number 363.8 LAN
Edition number 22
100 1# - MAIN ENTRY--PERSONAL NAME
Personal name Langley, Andrew,
Dates associated with a name 1949-
245 10 - TITLE STATEMENT
Title Avoiding hunger and finding water /
Statement of responsibility, etc. Andrew Langley.
246 ## - VARYING FORM OF TITLE
Title proper/short title Avoiding hunger & finding water
260 ## - PUBLICATION, DISTRIBUTION, ETC.
Place of publication, distribution, etc. Chicago, Ill. :
Name of publisher, distributor, etc. Raintree,
Date of publication, distribution, etc. c2011.
300 ## - PHYSICAL DESCRIPTION
Extent 48 p. :
Other physical details col. ill., maps ;
Dimensions 26 cm.
440 ## - SERIES STATEMENT/ADDED ENTRY--TITLE
Title Raintree freestyle
490 0# - SERIES STATEMENT
Series statement The environment challenge
504 ## - BIBLIOGRAPHY, ETC. NOTE
Bibliography, etc. note Includes bibliographical references (p. 46) and index.
505 0# - FORMATTED CONTENTS NOTE
Formatted contents note Famine and drought -- Too many mouths to feed -- Growing food -- The water crisis -- From farm to plate -- Vanishing fields -- We want good food -- What we all eat.
650 #0 - SUBJECT ADDED ENTRY--TOPICAL TERM
Topical term or geographic name entry element Famines.
650 #0 - SUBJECT ADDED ENTRY--TOPICAL TERM
Topical term or geographic name entry element Droughts.
650 #0 - SUBJECT ADDED ENTRY--TOPICAL TERM
Topical term or geographic name entry element Poverty.
650 #0 - SUBJECT ADDED ENTRY--TOPICAL TERM
Topical term or geographic name entry element Food.
906 ## - LOCAL DATA ELEMENT F, LDF (RLIN)
a 7
b cbc
c orignew
d 1
e ecip
f 20
g y-gencatlg
942 ## - ADDED ENTRY ELEMENTS (KOHA)
Source of classification or shelving scheme
Koha item type Books - Non Ficton
Holdings
Withdrawn status Lost status Source of classification or shelving scheme Damaged status Not for loan Collection code Permanent Location Current Location Shelving location Date acquired Full call number Barcode Date last seen Price effective from Koha item type
          Non-Fiction KH8 Senior School Library KH8 Senior School Library Non Fiction 2019-08-16 363.8 LAN 3KHSL000100028 2019-08-16 2019-08-16 Books - Non Ficton

Powered By KH8 IT Dept